000 00533nam a2200193Ia 4500
003 OSt
005 20220926041326.0
006 a|||||r|||| 00| 0
007 ta
008 220923b |||||||| |||| 00| 0 eng d
037 _cGeneral Book
040 _aRTL
_cRTL
_beng
041 _2eng
_aeng
082 _aY:5.2sN61, L4.22-VI
245 0 _aCENSUS OF India, 1961
490 _vV22 Manipur Pt.VI Village survey monograph 6 Longa Koireng
942 _hY:5.2sN61, L4.22-VI
_cGB
_2CC
999 _c666939
_d666939